La Patum de Berga / Alberto Oliveras Alberto Oliveras
Descripción Física:
Il·lustracions
Colección:
San Jorge,
; núm. 19 (juliol 1955), pàg 40-45
Otros Autores:
Català-Roca, Francesc, 1922-1998
Idioma:
Español
MARC
| LEADER | 00000naa a2200000 a 4500 | ||
|---|---|---|---|
| 003 | Arxiu | ||
| 005 | 20260324181047.0 | ||
| 008 | 160829s1955 spcaxx s spa c | ||
| 040 | |a AGDB | ||
| 100 | |a Oliveras, Alberto |9 29543 | ||
| 245 | 1 | 3 | |a La Patum de Berga / |b Alberto Oliveras |
| 300 | |b Il·lustracions | ||
| 490 | |a San Jorge, |v núm. 19 (juliol 1955), pàg 40-45 | ||
| 500 | |a Fotografies: F. Català-Roca | ||
| 590 | |a Conté 15 fotografies. | ||
| 610 | 2 | 0 | |a Patum |9 55555 |
| 650 | 0 | |a Festes populars |9 44343 |z Berga (Catalunya) | |
| 700 | 1 | |9 26722 |a Català-Roca, Francesc, |d 1922-1998 |e fotografies | |
| 773 | |g Núm. 19 (juliol 1955), pàg 40-45 |t San Jorge. | ||
| 901 | |a Arxiu | ||
| 942 | |n 1 |2 udc |c ART | ||
| 952 | |0 0 |1 0 |4 0 |6 REV510 |7 1 |9 65247 |a Arxiu |b Arxiu |d 2023-02-08 |l 0 |o Rev-510 |r 2023-02-08 00:00:00 |w 2023-02-08 |y ARXIU |z També disponible a Rev-524 | ||
| 999 | |c 52199 |d 52199 | ||